Các văn bản về chuyển đổi doanh nghiệp nhà nước, doanh nghiệp của tổ chức chính trị, tổ chức chính trị - xã hội thành công ty trách nhiệm hữu hạn một thành viên

Guardat en:
Dades bibliogràfiques
Autor principal: Viện Nghiên cứu quản lý kinh tế TW
Format: Llibre
Idioma:Undetermined
Publicat: H. Thống Kê 2002
Matèries:
Etiquetes: Afegir etiqueta
Sense etiquetes, Sigues el primer a etiquetar aquest registre!
Thư viện lưu trữ: Trung tâm Học liệu Trường Đại học Cần Thơ
LEADER 00805nam a2200193Ia 4500
001 CTU_54857
008 210402s9999 xx 000 0 und d
020 |b 47000 
082 |a 346.597'065 
082 |b V305 
100 |a Viện Nghiên cứu quản lý kinh tế TW 
245 0 |a Các văn bản về chuyển đổi doanh nghiệp nhà nước, doanh nghiệp của tổ chức chính trị, tổ chức chính trị - xã hội thành công ty trách nhiệm hữu hạn một thành viên 
245 0 |c Viện Nghiên cứu quản lý kinh tế TW 
260 |a H. 
260 |b Thống Kê 
260 |c 2002 
650 |a business enterprises 
650 |x law and legislation 
980 |a Trung tâm Học liệu Trường Đại học Cần Thơ